LEADER 00987nam1 2200337 450 001 990000326750203316 035 $a0032675 035 $aUSA010032675 035 $a(ALEPH)000032675USA01 035 $a0032675 100 $a20010122d19..----km-y0itay0103----ba 101 $aeng 102 $aUS 105 $a||||||||001yy 200 1 $a<> Anglo-Saxon poetic records$ea collective edition 210 $aNew York$cColumbia University$aLondon$cRoutledge and K. Paul$dcopyr. 19... 215 $av.$d23 cm 606 0 $aPoesia inglese 676 $a821 801 0$aIT$bsalbc$gISBD 912 $a990000326750203316 951 $aII fg B 5/$bL.M.$cII fg B 959 $aBK 969 $aUMA 979 $aTAMI$b40$c20010122$lUSA01$h0940 979 $aTAMI$b40$c20010122$lUSA01$h0954 979 $aTAMI$b40$c20010122$lUSA01$h0955 979 $c20020403$lUSA01$h1640 979 $aPATRY$b90$c20040406$lUSA01$h1623 996 $aAnglo-Saxon poetic records$9879954 997 $aUNISA LEADER 00936nem1 2200313 450 001 990009381160403321 005 20110620100938.0 035 $a000938116 035 $aFED01000938116 035 $a(Aleph)000938116FED01 035 $a000938116 100 $a20110617g19921993km-y0itay50------ba 101 0 $aita 102 $aIT 120 $ab-a---------- 121 $aa--aabb-b$b-------- 123 2 $aa$b- 200 1 $a<>Italia dei nuovi parchi nazionali$bDocumento cartografico$ele mappe utili per vivere la nostra natura pił bella 206 $aVarie scale 210 $aMilano$cMondadori$d1992-1993 215 $a11 c. ripieg.$ccolor.$d72 x 56 cm ripieg. 18 x 14 cm 300 $aSuppl. della rivista: Airone 610 0 $aItalia$aParchi 801 0$aIT$bUNINA$gRICA$2UNIMARC 901 $aMP 912 $a990009381160403321 959 $aILFGE 996 $aItalia dei nuovi parchi nazionali$9763030 997 $aUNINA